000 01176njm a2200265Ia 4500
001 C2898
003 IT-RoPAU
005 20220918181134.0
008 131025s9999 xx 000 0 und d
040 _aIT-RoPAU
040 _cIT-RoPAU
999 _c100807
_d100807
999 _bn.d.
100 _aNyman Michael
_929895
100 _eAutore musica
_929896
100 _gCodice autore musica SPICS: 40678
_929897
245 _aLecon de piano (La)
250 _a1a ed.
260 _aLONDON
260 _bVIRGIN RECORDS
_c1993 [1a Ed.:1993 - Ed. Lingua Orig.: 1993]
300 _aCOMPACT DISC
500 _aColonna sonora originale del film "Lezioni di piano" di Jane Campion
505 _aTo the Edge of the Earth - All Imperfect Things - Big My Secret - Dreams of A Journey - A Wild and Distant Shore - The Heart Asks Pleasure First - Here To There - The Promise - A Bed of Ferns - The Fling - The Scent of Love - Deep Into the Forest - The Mood That Passes Through You - Lost and Found - The Embrace - Little Impulse - The Sacrifice - I Clipped Your Wing - The Wounded.
650 _aCOLONNA SONORA [COMPACT DISC]
_eCodice MATERIA SPICS: 9949
_929898
942 _cCD
_2ddc